[Event "Dutch Open 2010"]
[Site "Dieren NED"]
[Date "2010.07.27"]
[Round "1.1"]
[White "L'Ami, Erwin"]
[Black "Mostertman, Milan"]
[Result "1-0"]
[WhiteElo "2620"]
[BlackElo "2207"]
[PlyCount "101"]
[EventDate "2010.07.27"]
[EventType "swiss"]
[EventRounds "9"]
[EventCountry "NED"]
[Source "lmi"]
[SourceDate "2010.07.27"]

1. d4 Nf6 2. c4 e6 3. g3 d5 4. Nf3 dxc4 5. Bg2 Be7 6. O-O O-O 7. Qc2 a6 8. Qxc4
b5 9. Qc2 Bb7 10. Bd2 Be4 11. Qc1 Nc6 12. e3 Nb4 13. Bxb4 Bxb4 14. a3 Be7 15.
Nbd2 Bb7 16. Nb3 Bd5 17. Nc5 Ne4 18. Nd3 Rc8 19. b4 a5 20. Nfe5 c6 21. Qc2 Nd6
22. Nc5 Bxg2 23. Kxg2 Bf6 24. Rfd1 Qe7 25. Ned7 Rfd8 26. Nxf6+ Qxf6 27. bxa5
Nc4 28. a6 e5 29. Qe4 exd4 30. Rxd4 Rd5 31. Nd3 Ra8 32. Rd1 Nd6 33. Qf3 Qxf3+
34. Kxf3 Rxd4 35. exd4 Rxa6 36. Ra1 Nc4 37. Nb4 Rb6 38. Ke4 Kf8 39. Kd3 Ke7 40.
Kc3 Kd6 41. a4 Na5 42. Nd3 bxa4 43. Rxa4 Nb7 44. Ra7 c5 45. dxc5+ Nxc5 46. Nxc5
Kxc5 47. Rxf7 Rh6 48. h4 g6 49. Ra7 Kb6 50. Re7 Rh5 51. Kd4 1-0

[Event "Dutch Open 2010"]
[Site "Dieren NED"]
[Date "2010.07.27"]
[Round "1.2"]
[White "Both, Erik"]
[Black "Ernst, Sipke"]
[Result "0-1"]
[WhiteElo "2195"]
[BlackElo "2583"]
[PlyCount "62"]
[EventDate "2010.07.27"]
[EventType "swiss"]
[EventRounds "9"]
[EventCountry "NED"]
[Source "lmi"]
[SourceDate "2010.07.27"]

1. e4 e5 2. Bc4 Nf6 3. d3 Nc6 4. Nf3 h6 5. c3 d6 6. h3 g6 7. Bb3 Bg7 8. Nbd2
O-O 9. Nf1 d5 10. Qe2 a5 11. g4 a4 12. Bc2 d4 13. c4 Nd7 14. Ng3 Nc5 15. Rg1 f6
16. Nh4 Qe8 17. Ngf5 Kh7 18. Nxg7 Kxg7 19. Bd2 Rb8 20. O-O-O Kh7 21. Rg3 b5 22.
Rdg1 bxc4 23. dxc4 Nb4 24. Bb1 Qf7 25. Nf5 g5 26. h4 d3 27. Qf3 Qxc4+ 28. Kd1
Nc2 29. hxg5 Rxb2 30. g6+ Kxg6 31. Qh1 Ne3+ 0-1

[Event "Dutch Open 2010"]
[Site "Dieren NED"]
[Date "2010.07.27"]
[Round "1.3"]
[White "Iotov, Valentin"]
[Black "Vogel, Jaap"]
[Result "1/2-1/2"]
[WhiteElo "2581"]
[BlackElo "2184"]
[PlyCount "58"]
[EventDate "2010.07.27"]
[EventType "swiss"]
[EventRounds "9"]
[EventCountry "NED"]
[Source "lmi"]
[SourceDate "2010.07.27"]

1. d4 e6 2. c4 Nf6 3. Nf3 b6 4. g3 Bb7 5. Bg2 Be7 6. O-O O-O 7. Bf4 d5 8. Nc3
Na6 9. Ne5 c5 10. cxd5 exd5 11. Rc1 Re8 12. dxc5 Nxc5 13. Nb5 Ne6 14. Be3 Bc5
15. Bxc5 bxc5 16. Nc3 Rb8 17. b3 h5 18. Na4 Qe7 19. Nd3 Rbc8 20. e3 h4 21. Re1
c4 22. Ndb2 Qb4 23. gxh4 c3 24. Nd3 Qxh4 25. Rxc3 Rxc3 26. Nxc3 d4 27. Bxb7
dxc3 28. Qf3 Rd8 29. Nf4 Nc5 1/2-1/2

[Event "Dutch Open 2010"]
[Site "Dieren NED"]
[Date "2010.07.27"]
[Round "1.4"]
[White "Bus, Tom"]
[Black "Ikonnikov, Vyacheslav"]
[Result "0-1"]
[WhiteElo "2179"]
[BlackElo "2578"]
[PlyCount "78"]
[EventDate "2010.07.27"]
[EventType "swiss"]
[EventRounds "9"]
[EventCountry "NED"]
[Source "lmi"]
[SourceDate "2010.07.27"]

1. c4 e5 2. g3 Nc6 3. Nc3 f5 4. Nf3 Nf6 5. d4 e4 6. Ng5 h6 7. Nh3 g5 8. f3 exf3
9. exf3 Bg7 10. d5 Qe7+ 11. Be2 Ne5 12. O-O Nxc4 13. Bxc4 Qc5+ 14. Kg2 Qxc4 15.
Re1+ Kf7 16. d6 cxd6 17. Bxg5 hxg5 18. Nxg5+ Kg6 19. Rc1 b6 20. Ne2 Qxa2 21.
Qd2 Nd5 22. h4 Bb7 23. Rc7 Bc6 24. Rxc6 dxc6 25. Nd4 Bxd4 26. Qxd4 Nf6 27. Re6
Rhf8 28. Rxd6 Rae8 29. Qd2 Qc4 30. Rd3 f4 31. b3 Qb5 32. g4 Qe5 33. Nh3 Qe2+
34. Qxe2 Rxe2+ 35. Kf1 Re7 36. Nxf4+ Kg7 37. Rd6 Ne4 38. Ne6+ Kg8 39. Rxc6
Rxf3+ 0-1

[Event "Dutch Open 2010"]
[Site "Dieren NED"]
[Date "2010.07.27"]
[Round "1.5"]
[White "Moradiabadi, Elshan"]
[Black "Van Lanen, Antoon"]
[Result "1-0"]
[WhiteElo "2571"]
[BlackElo "2179"]
[PlyCount "59"]
[EventDate "2010.07.27"]
[EventType "swiss"]
[EventRounds "9"]
[EventCountry "NED"]
[Source "lmi"]
[SourceDate "2010.07.27"]

1. d4 d5 2. c4 e6 3. Nf3 c5 4. cxd5 exd5 5. Bg5 Be7 6. Bxe7 Nxe7 7. dxc5 Nbc6
8. Nbd2 Bg4 9. Qa4 Bxf3 10. Nxf3 b5 11. Qd1 Qa5+ 12. Qd2 b4 13. g3 d4 14. Bg2
O-O 15. O-O Qxc5 16. Rac1 Qb6 17. Ng5 Rad8 18. Bxc6 h6 19. Be4 hxg5 20. Qxg5
Qe6 21. Bd3 Rd5 22. Qh4 Ng6 23. Qe4 Qd7 24. Rc7 Qxc7 25. Qxd5 Rd8 26. Qb3 Ne5
27. Qxb4 Qd7 28. Be4 d3 29. exd3 Qg4 30. Qe7 1-0

[Event "Dutch Open 2010"]
[Site "Dieren NED"]
[Date "2010.07.27"]
[Round "1.6"]
[White "Theulings, Paul-Peter"]
[Black "Milov, Leonid"]
[Result "0-1"]
[WhiteElo "2175"]
[BlackElo "2562"]
[PlyCount "150"]
[EventDate "2010.07.27"]
[EventType "swiss"]
[EventRounds "9"]
[EventCountry "NED"]
[Source "lmi"]
[SourceDate "2010.07.27"]

1. Nf3 d5 2. d4 Nf6 3. c4 c6 4. Nc3 dxc4 5. e3 b5 6. a4 b4 7. Nb1 Ba6 8. Be2 e6
9. O-O c5 10. Nbd2 Nc6 11. Nxc4 cxd4 12. Nce5 Bxe2 13. Qxe2 Nxe5 14. Nxe5 a6
15. Rd1 Qc7 16. exd4 Bd6 17. Bg5 Nd5 18. Rac1 Qb7 19. Qg4 O-O 20. Nc4 Be7 21.
Bh6 Bf6 22. Nd6 Qe7 23. Ne4 Kh8 24. Be3 Rfc8 25. Qf3 Kg8 26. Rc5 Qd8 27. Rdc1
Be7 28. Rxc8 Rxc8 29. Rxc8 Qxc8 30. Nc5 h6 31. Qe2 a5 32. Qb5 e5 33. Qb7 Qf5
34. h3 exd4 35. Bxd4 Bd6 36. g3 Bxc5 37. Bxc5 Nf6 38. Bd4 Ne4 39. Qb8+ Kh7 40.
Qe5 Qxe5 41. Bxe5 Nc5 42. Bc7 b3 43. Bb6 Nxa4 44. Bd4 Kg6 45. Kg2 Kf5 46. Kf3
f6 47. Ke3 Ke6 48. Kd3 Kd5 49. g4 Nc5+ 50. Kc3 Ne4+ 51. Kd3 a4 52. Bb6 a3 53.
bxa3 b2 54. Kc2 Nc3 55. Kxb2 Na4+ 56. Kb3 Nxb6 57. Kb4 Kc6 58. Kc3 Kd5 59. Kd3
Ke6 60. Kc3 g5 61. Kb4 Kd6 62. Kc3 Kc5 63. Kd3 Kd5 64. Kc3 Ke4 65. Kb4 f5 66.
gxf5 Kxf5 67. Kc5 Na4+ 68. Kb4 Nb2 69. Kc3 Nd1+ 70. Kd4 Nxf2 71. a4 Nxh3 72. a5
Nf4 73. a6 Ne6+ 74. Kc4 Nc7 75. a7 Ke6 0-1

[Event "Dutch Open 2010"]
[Site "Dieren NED"]
[Date "2010.07.27"]
[Round "1.7"]
[White "Neverov, Valeriy"]
[Black "Bijlsma, Nick"]
[Result "1-0"]
[WhiteElo "2544"]
[BlackElo "2173"]
[PlyCount "85"]
[EventDate "2010.07.27"]
[EventType "swiss"]
[EventRounds "9"]
[EventCountry "NED"]
[Source "lmi"]
[SourceDate "2010.07.27"]

1. d4 Nf6 2. c4 g6 3. Nf3 Bg7 4. g3 O-O 5. Bg2 d5 6. O-O dxc4 7. Na3 c3 8. bxc3
c5 9. Ne5 Nfd7 10. Bf4 Nxe5 11. Bxe5 Bxe5 12. dxe5 Nc6 13. f4 Qa5 14. Qc1 Bg4
15. Rf2 Rad8 16. h3 Bc8 17. Nc4 Qa4 18. Ne3 f6 19. exf6 exf6 20. Nd5 Qc4 21. e4
f5 22. Ne3 Qd3 23. e5 Na5 24. Qe1 Be6 25. Rd1 Qa6 26. Rfd2 Rxd2 27. Qxd2 Nc4
28. Nxc4 Bxc4 29. Qd7 Qxa2 30. Qxb7 Qb3 31. Qxb3 Bxb3 32. Ra1 Rd8 33. Bf1 Rd7
34. Ra5 Rc7 35. c4 Kg7 36. Kf2 h6 37. Ke3 g5 38. Bd3 gxf4+ 39. gxf4 Kg6 40.
Ra6+ Kh5 41. Kf2 Bd1 42. Bxf5 Kh4 43. Rxh6+ 1-0

[Event "Dutch Open 2010"]
[Site "Dieren NED"]
[Date "2010.07.27"]
[Round "1.8"]
[White "Vermeulen, Wesley"]
[Black "Haub, Thorsten Michael"]
[Result "0-1"]
[WhiteElo "2173"]
[BlackElo "2518"]
[PlyCount "62"]
[EventDate "2010.07.27"]
[EventType "swiss"]
[EventRounds "9"]
[EventCountry "NED"]
[Source "lmi"]
[SourceDate "2010.07.27"]

1. e4 g6 2. d4 Bg7 3. Nf3 d6 4. Be3 a6 5. Qd2 Nd7 6. Nc3 h6 7. g3 b5 8. Bg2 Bb7
9. a3 Ngf6 10. d5 c5 11. dxc6 Bxc6 12. Nd4 Bb7 13. O-O Ng4 14. Rad1 O-O 15. h3
Nxe3 16. Qxe3 Nb6 17. b3 Rc8 18. Rd3 Nd7 19. Kh2 e6 20. f4 e5 21. Nde2 exf4 22.
gxf4 Nc5 23. Rd2 Re8 24. b4 Ne6 25. e5 Bxg2 26. Kxg2 g5 27. Ne4 gxf4 28. Nxf4
Rc4 29. Nxd6 Nxf4+ 30. Rxf4 Qg5+ 31. Kh1 Rxf4 0-1

[Event "Dutch Open 2010"]
[Site "Dieren NED"]
[Date "2010.07.27"]
[Round "1.9"]
[White "Brandenburg, Daan"]
[Black "Timmermans, Mark"]
[Result "1-0"]
[WhiteElo "2514"]
[BlackElo "2169"]
[PlyCount "91"]
[EventDate "2010.07.27"]
[EventType "swiss"]
[EventRounds "9"]
[EventCountry "NED"]
[Source "lmi"]
[SourceDate "2010.07.27"]

1. e4 e5 2. Nf3 Nc6 3. d4 exd4 4. Nxd4 Nf6 5. Nxc6 bxc6 6. Bd3 d5 7. Nd2 Bd6 8.
O-O O-O 9. h3 Re8 10. exd5 cxd5 11. b3 Bb7 12. Bb2 c5 13. Qf3 Be5 14. Bxe5 Rxe5
15. Qf4 Re7 16. Rfe1 Qc7 17. Qxc7 Rxc7 18. c4 Kf8 19. cxd5 Rd8 20. Nf1 Bxd5 21.
Rad1 Be6 22. Bb5 Rb8 23. Bd3 c4 24. bxc4 Bxc4 25. Rc1 Rbc8 26. Bf5 Be6 27. Rxc7
Rxc7 28. Bxe6 Re7 29. Nd2 Rxe6 30. Rxe6 fxe6 31. Kf1 Ke7 32. Nc4 Nd5 33. g3 Nb6
34. Nxb6 axb6 35. Ke2 Kd6 36. Kd3 Kc5 37. Kc3 b5 38. f4 h5 39. Kd3 Kb4 40. Kd4
Ka3 41. Kc5 Ka4 42. h4 g6 43. Kb6 Kb4 44. a3+ Ka4 45. Kc6 Ka5 46. Kb7 1-0

[Event "Dutch Open 2010"]
[Site "Dieren NED"]
[Date "2010.07.27"]
[Round "1.10"]
[White "Vosselman, Jan"]
[Black "Mekhitarian, Krikor Sevag"]
[Result "0-1"]
[WhiteElo "2164"]
[BlackElo "2511"]
[PlyCount "58"]
[EventDate "2010.07.27"]
[EventType "swiss"]
[EventRounds "9"]
[EventCountry "NED"]
[Source "lmi"]
[SourceDate "2010.07.27"]

1. d4 Nf6 2. c4 g6 3. Nc3 d5 4. Bf4 Bg7 5. e3 O-O 6. cxd5 Nxd5 7. Nxd5 Qxd5 8.
Bxc7 Na6 9. Bxa6 bxa6 10. Nf3 Qb7 11. Bg3 Qxb2 12. O-O Be6 13. Qd2 Qxd2 14.
Nxd2 Rfc8 15. Nb3 Rc2 16. Rfc1 Rac8 17. Rxc2 Rxc2 18. Bb8 Bc4 19. g3 g5 20.
Bxa7 h5 21. Nc5 h4 22. Ne4 Bh6 23. a3 f5 24. Nc5 f4 25. e4 hxg3 26. hxg3 fxg3
27. fxg3 g4 28. Rb1 Be3+ 29. Kh1 Be2 0-1

[Event "Dutch Open 2010"]
[Site "Dieren NED"]
[Date "2010.07.27"]
[Round "1.11"]
[White "Swinkels, Robin"]
[Black "Hachijan, Armen"]
[Result "1/2-1/2"]
[WhiteElo "2483"]
[BlackElo "2158"]
[PlyCount "154"]
[EventDate "2010.07.27"]
[EventType "swiss"]
[EventRounds "9"]
[EventCountry "NED"]
[Source "lmi"]
[SourceDate "2010.07.27"]

1. d4 Nf6 2. c4 g6 3. g3 Bg7 4. Bg2 O-O 5. Nc3 d6 6. Nf3 Nc6 7. O-O a6 8. Qd3
e5 9. dxe5 dxe5 10. Qxd8 Rxd8 11. Bg5 Re8 12. Nd2 h6 13. Bxf6 Bxf6 14. Nde4 Bd8
15. Rfd1 Nd4 16. Rd2 Ne6 17. Nd5 Kg7 18. b4 f5 19. Nc5 c6 20. Nxe6+ Bxe6 21.
Nc3 Bg5 22. Rc2 Bxc4 23. Na4 Bf7 24. Nc5 Re7 25. e4 Rd8 26. a4 Rd4 27. Rb1 b6
28. Nxa6 Bc4 29. Nb8 Bd3 30. Rcb2 Bxb1 31. Rxb1 Rc4 32. exf5 e4 33. fxg6 Ra7
34. h4 Bd2 35. b5 c5 36. Rd1 Rc1 37. Rxc1 Bxc1 38. Bxe4 Rxa4 39. f3 c4 40. Na6
Be3+ 41. Kf1 c3 42. Bd3 Ra2 43. Nb4 Rf2+ 44. Ke1 Rxf3 45. Nd5 Bd2+ 46. Ke2 Rxg3
47. Bc2 h5 48. Nxb6 Re3+ 49. Kf2 Re5 50. Nc4 Rxb5 51. Ke2 Rd5 52. Bd3 Rc5 53.
Nxd2 cxd2 54. Kxd2 Re5 55. Bc2 Kf6 56. Bd3 Re7 57. Bc2 Rb7 58. Be4 Rb3 59. Ke2
Rh3 60. Kf2 Rxh4 61. Bf3 Kxg6 62. Kg3 Kg5 63. Bc6 Rc4 64. Bd5 Rc3+ 65. Kg2 Kg4
66. Be6+ Kf4 67. Bf7 h4 68. Be6 Rg3+ 69. Kh2 Kf3 70. Bd5+ Kf2 71. Be6 Kf3 72.
Bd5+ Kg4 73. Be6+ Kh5 74. Bf7+ Kg5 75. Be6 Re3 76. Bd7 Kf4 77. Bc8 Rg3 1/2-1/2

[Event "Dutch Open 2010"]
[Site "Dieren NED"]
[Date "2010.07.27"]
[Round "1.12"]
[White "Lambrechts, Koen"]
[Black "Fargere, Francois"]
[Result "0-1"]
[WhiteElo "2156"]
[BlackElo "2478"]
[PlyCount "58"]
[EventDate "2010.07.27"]
[EventType "swiss"]
[EventRounds "9"]
[EventCountry "NED"]
[Source "lmi"]
[SourceDate "2010.07.27"]

1. e4 c5 2. Nf3 d6 3. d4 cxd4 4. Nxd4 Nf6 5. Nc3 a6 6. Bg5 e6 7. f4 Qb6 8. Nb3
Nbd7 9. Qd2 Be7 10. Be2 h6 11. Bxf6 Bxf6 12. O-O-O Be7 13. Kb1 Qc7 14. Bf3 Rb8
15. g4 b5 16. h4 b4 17. Ne2 a5 18. g5 e5 19. f5 a4 20. Nbc1 Ba6 21. Bh5 Nc5 22.
Ng3 b3 23. cxb3 axb3 24. a3 Qc6 25. Rhe1 Na4 26. Nd3 Bxd3+ 27. Qxd3 Qc2+ 28.
Qxc2 bxc2+ 29. Kxc2 Rxb2+ 0-1

[Event "Dutch Open 2010"]
[Site "Dieren NED"]
[Date "2010.07.27"]
[Round "1.13"]
[White "Zoler, Dan"]
[Black "Shalnyeva, Olga"]
[Result "1-0"]
[WhiteElo "2474"]
[BlackElo "2153"]
[PlyCount "89"]
[EventDate "2010.07.27"]
[EventType "swiss"]
[EventRounds "9"]
[EventCountry "NED"]
[Source "lmi"]
[SourceDate "2010.07.27"]

1. d4 d5 2. c4 dxc4 3. Nf3 Nf6 4. e3 e6 5. Bxc4 c5 6. O-O a6 7. dxc5 Qxd1 8.
Rxd1 Bxc5 9. Nbd2 Nc6 10. Be2 O-O 11. b3 Rd8 12. Bb2 Be7 13. Rdc1 Bd7 14. Nc4
Be8 15. Nfe5 Bd6 16. Nxd6 Rxd6 17. Nc4 Rdd8 18. Bf3 Rd3 19. g4 h6 20. h4 Kf8
21. g5 hxg5 22. hxg5 Ng8 23. Kg2 f6 24. Ba3+ Nge7 25. Rh1 Kg8 26. gxf6 gxf6 27.
Rh3 Bg6 28. Rc1 Nf5 29. Be2 Rdd8 30. Nb6 Rab8 31. Bc5 Rd2 32. Kf1 Rxa2 33. Nd7
Rd2 34. Nxf6+ Kf7 35. Ne4 Rb2 36. Bb6 Re8 37. Nc5 Nd6 38. Rf3+ Ke7 39. Rg3 Bf7
40. Nxb7 Nxb7 41. Rxc6 Rb1+ 42. Kg2 Nd8 43. Rc7+ Kd6 44. e4 e5 45. Rd3+ 1-0

[Event "Dutch Open 2010"]
[Site "Dieren NED"]
[Date "2010.07.27"]
[Round "1.15"]
[White "Pruijssers, Roeland"]
[Black "Kartsev, Alexandr"]
[Result "1-0"]
[WhiteElo "2462"]
[BlackElo "2145"]
[PlyCount "92"]
[EventDate "2010.07.27"]
[EventType "swiss"]
[EventRounds "9"]
[EventCountry "NED"]
[Source "lmi"]
[SourceDate "2010.07.27"]

1. e4 d5 2. exd5 Nf6 3. Bb5+ Bd7 4. Bc4 b5 5. Bb3 Bg4 6. f3 Bc8 7. Qe2 a6 8. a4
b4 9. Qc4 Qd6 10. d3 Bb7 11. Bf4 Bxd5 12. Bxd6 Bxc4 13. Bxb4 Bxb3 14. cxb3 Nc6
15. Bc3 O-O-O 16. Ke2 Nd5 17. Nh3 Ndb4 18. Na3 Rxd3 19. Nc2 Nxc2 20. Kxd3 Nxa1
21. Rxa1 e5 22. Kc4 Bd6 23. b4 Re8 24. Ng5 f5 25. b5 axb5+ 26. axb5 Nd8 27. Re1
h6 28. Nh3 e4 29. fxe4 Bxh2 30. exf5 Rf8 31. g4 h5 32. Bxg7 Rg8 33. f6 hxg4 34.
Nf2 Bg3 35. Re2 Bxf2 36. Rxf2 Nf7 37. Re2 g3 38. Rg2 Nd6+ 39. Kb4 Kd7 40. Rxg3
Rb8 41. Rg5 c6 42. Re5 Nxb5 43. Kc5 Re8 44. f7 Rxe5+ 45. Bxe5 Ke7 46. Kxc6 Kxf7
1-0

[Event "Dutch Open 2010"]
[Site "Dieren NED"]
[Date "2010.07.27"]
[Round "1.16"]
[White "Gruenhagen, Marc"]
[Black "Pedersen, Nicolai Vesterbaek"]
[Result "1/2-1/2"]
[WhiteElo "2133"]
[BlackElo "2461"]
[PlyCount "56"]
[EventDate "2010.07.27"]
[EventType "swiss"]
[EventRounds "9"]
[EventCountry "NED"]
[Source "lmi"]
[SourceDate "2010.07.27"]

1. d4 Nf6 2. c4 c5 3. d5 b5 4. cxb5 a6 5. bxa6 g6 6. Nc3 Bxa6 7. g3 d6 8. Bg2
Bg7 9. Rb1 Nfd7 10. Bd2 Nb6 11. b3 O-O 12. Nh3 Bb7 13. a4 c4 14. O-O N8d7 15.
b4 Bxc3 16. Bxc3 Nxa4 17. Bd4 Nf6 18. e4 e5 19. dxe6 fxe6 20. e5 Bxg2 21. Kxg2
dxe5 22. Bxe5 Ne4 23. Qxd8 Rfxd8 24. Rfd1 Nd2 25. Ra1 Rd5 26. Nf4 Rxe5 27. Rxd2
g5 28. Re2 Rb5 1/2-1/2

[Event "Dutch Open 2010"]
[Site "Dieren NED"]
[Date "2010.07.27"]
[Round "1.17"]
[White "Shalnev, Nikolai"]
[Black "De Ruiter, Danny"]
[Result "1/2-1/2"]
[WhiteElo "2436"]
[BlackElo "2116"]
[PlyCount "83"]
[EventDate "2010.07.27"]
[EventType "swiss"]
[EventRounds "9"]
[EventCountry "NED"]
[Source "lmi"]
[SourceDate "2010.07.27"]

1. e4 c5 2. Nf3 e6 3. d4 cxd4 4. Nxd4 Nc6 5. Nc3 Qc7 6. g3 a6 7. Bg2 d6 8. O-O
Bd7 9. Nxc6 Bxc6 10. a4 Nf6 11. Qe2 Be7 12. Rd1 O-O 13. Bf4 Rfd8 14. h3 h6 15.
e5 dxe5 16. Bxe5 Rxd1+ 17. Rxd1 Qb6 18. Bxc6 Qxc6 19. Kh2 Rd8 20. Rxd8+ Bxd8
21. Qd3 Nd7 22. Bd4 Ba5 23. Qe4 e5 24. Nd5 Qxa4 25. c3 Bd8 26. b3 Qc6 27. Bxe5
Qe6 28. f4 f6 29. Qc4 fxe5 30. Nf6+ Kf7 31. Nxd7 exf4 32. Ne5+ Ke7 33. Qb4+ Ke8
34. gxf4 Qd5 35. Qa4+ b5 36. Qxa6 Qd2+ 37. Kg1 Qe1+ 38. Kg2 Qe2+ 39. Kg3 Qe1+
40. Kg2 Qe2+ 41. Kg3 Qe1+ 42. Kg2 1/2-1/2

[Event "Dutch Open 2010"]
[Site "Dieren NED"]
[Date "2010.07.27"]
[Round "1.18"]
[White "Hendrikx, Niels"]
[Black "Siebrecht, Sebastian"]
[Result "1-0"]
[WhiteElo "2108"]
[BlackElo "2417"]
[PlyCount "77"]
[EventDate "2010.07.27"]
[EventType "swiss"]
[EventRounds "9"]
[EventCountry "NED"]
[Source "lmi"]
[SourceDate "2010.07.27"]

1. e4 c5 2. Nc3 e6 3. f4 Nc6 4. Nf3 a6 5. Be2 d6 6. O-O Nf6 7. a4 Be7 8. d3 O-O
9. Kh1 Rb8 10. Qe1 b5 11. axb5 axb5 12. e5 Ne8 13. Ne4 d5 14. Nf2 Nc7 15. Ng4
d4 16. Qg3 f5 17. exf6 Bxf6 18. Nxf6+ Qxf6 19. f5 e5 20. Bg5 Qd6 21. f6 Ne8 22.
Nd2 Nxf6 23. Rxf6 gxf6 24. Bh6+ Kf7 25. Qg7+ Ke6 26. Qxf8 Qxf8 27. Bxf8 Nb4 28.
Bxc5 Nxc2 29. Ra7 Bb7 30. Bf3 Bxf3 31. Nxf3 b4 32. Rxh7 Rb5 33. Bf8 Ra5 34. h4
Ra2 35. h5 Rxb2 36. Re7+ Kf5 37. h6 Ne3 38. h7 Rb1+ 39. Ng1 1-0

[Event "Dutch Open 2010"]
[Site "Dieren NED"]
[Date "2010.07.27"]
[Round "1.19"]
[White "Miedema, David"]
[Black "Sparenberg, Erik"]
[Result "1-0"]
[WhiteElo "2414"]
[BlackElo "2090"]
[PlyCount "97"]
[EventDate "2010.07.27"]
[EventType "swiss"]
[EventRounds "9"]
[EventCountry "NED"]
[Source "lmi"]
[SourceDate "2010.07.27"]

1. d4 Nf6 2. c4 g6 3. Nc3 Bg7 4. e4 d6 5. f3 O-O 6. Be3 Nbd7 7. Nh3 c5 8. d5 a6
9. Nf2 Rb8 10. a4 Ne8 11. Be2 e5 12. g4 f5 13. exf5 gxf5 14. gxf5 Ndf6 15. Bg5
Bxf5 16. Bd3 Qd7 17. Qc2 Nh5 18. Rg1 Kh8 19. Ra3 Bxd3 20. Qxd3 Nef6 21. Rb3 Nf4
22. Qc2 N6h5 23. Rg4 Bf6 24. h4 Rg8 25. Nce4 Bxg5 26. hxg5 b5 27. cxb5 axb5 28.
Rxb5 Rxb5 29. axb5 Ra8 30. Nc3 Ra1+ 31. Nfd1 c4 32. Qe4 Nd3+ 33. Kd2 Nc5 34.
Qxc4 Qf5 35. b4 Na4 36. Ne3 Qf8 37. Nxa4 Rxa4 38. b6 Qa8 39. Qc6 Ra2+ 40. Nc2
Nf4 41. Rxf4 exf4 42. b7 Rxc2+ 43. Kxc2 Qa2+ 44. Kd3 Qb1+ 45. Qc2 Qf1+ 46. Kd2
Qf2+ 47. Kc3 Qe1+ 48. Kc4 Qf1+ 49. Kb3 1-0

[Event "Dutch Open 2010"]
[Site "Dieren NED"]
[Date "2010.07.27"]
[Round "1.20"]
[White "Odendahl, Reiner"]
[Black "Beijerinck, Nick"]
[Result "1-0"]
[WhiteElo "2382"]
[BlackElo "2077"]
[PlyCount "143"]
[EventDate "2010.07.27"]
[EventType "swiss"]
[EventRounds "9"]
[EventCountry "NED"]
[Source "lmi"]
[SourceDate "2010.07.27"]

1. c4 Nf6 2. g3 c5 3. Bg2 Nc6 4. Nc3 e6 5. Nf3 d5 6. cxd5 Nxd5 7. O-O Be7 8.
Nxd5 exd5 9. d4 cxd4 10. Nxd4 Bf6 11. Be3 O-O 12. Rc1 Nxd4 13. Bxd4 Be6 14. e3
Bxd4 15. Qxd4 Qa5 16. a3 Rac8 17. Rfd1 Rfd8 18. Rxc8 Rxc8 19. Bxd5 Rd8 20. e4
Rd7 21. Kg2 Qd8 22. Qxa7 Bxd5 23. exd5 Rxd5 24. Rxd5 Qxd5+ 25. f3 g5 26. Qe3
Qb5 27. b4 Qd5 28. Qe4 Qd2+ 29. Kh3 Qd7+ 30. Kg2 Qd2+ 31. Kh3 Qd7+ 32. Qg4 Qb5
33. Qc8+ Kg7 34. Qc5 Qf1+ 35. Kg4 h5+ 36. Kxh5 Qxf3+ 37. Kxg5 f6+ 38. Kh4 Qe2
39. Qc7+ Kg6 40. g4 b5 41. Qf4 Qe1+ 42. Kh3 Qc3+ 43. Qg3 Qd4 44. Qf3 Kh6 45.
Kh4 Qe5 46. Qf2 Qc3 47. Qf4+ Kg7 48. Qe4 Kh6 49. Qe7 Qd4 50. Qf8+ Kg6 51. Qg8+
Kh6 52. Qh8+ Kg6 53. Qg8+ Kh6 54. Qh8+ Kg6 55. Qh5+ Kg7 56. Qc5 Qf4 57. h3 Qb8
58. Qe3 Qd6 59. Qe2 Qb8 60. Qe7+ Kg6 61. Qc5 Kg7 62. Qd5 Qb6 63. Kh5 Kh7 64.
Qf7+ Kh8 65. Qf8+ Kh7 66. Qh6+ Kg8 67. g5 Qe3 68. Qg6+ Kh8 69. Qxf6+ Kg8 70. h4
Qa7 71. g6 Qc5+ 72. bxc5 1-0

[Event "Dutch Open 2010"]
[Site "Dieren NED"]
[Date "2010.07.27"]
[Round "1.21"]
[White "Ypma, Peter"]
[Black "Michalczak, Thomas"]
[Result "0-1"]
[WhiteElo "2074"]
[BlackElo "2367"]
[PlyCount "104"]
[EventDate "2010.07.27"]
[EventType "swiss"]
[EventRounds "9"]
[EventCountry "NED"]
[Source "lmi"]
[SourceDate "2010.07.27"]

1. b3 d5 2. Bb2 Bg4 3. f3 Bh5 4. e4 dxe4 5. Qe2 c6 6. Nc3 exf3 7. Nxf3 Nf6 8.
O-O-O e6 9. h3 Qa5 10. Kb1 Ba3 11. Ba1 Nbd7 12. g4 Bg6 13. Nh4 O-O-O 14. Nxg6
hxg6 15. Bg2 Nb6 16. Rhf1 Rd7 17. g5 Qxg5 18. Bxc6 bxc6 19. Qa6+ Rb7 20. Qxa3
Nc4 21. Qa6 Nxd2+ 22. Rxd2 Qxd2 23. Qxc6+ Kb8 24. Rd1 Qh2 25. Bb2 Rc8 26. Qf3
Qc7 27. Rd4 Qc6 28. Qf1 e5 29. Rc4 Qe6 30. Rxc8+ Kxc8 31. Nb5 Ne4 32. Qd3 f5
33. a4 Rd7 34. Qe3 a6 35. Na3 Nd2+ 36. Ka2 e4 37. Bc3 Qd6 38. Qe2 Kb7 39. Kb2
g5 40. b4 Qd5 41. b5 Qd6 42. Bxd2 Qxd2 43. bxa6+ Ka8 44. Qb5 Qd5 45. Nc4 Qxb5+
46. axb5 Ka7 47. Ne5 Rd6 48. c4 e3 49. c5 e2 50. cxd6 e1=Q 51. Nc6+ Kb6 52. Ne7
Qe2+ 0-1

[Event "Dutch Open 2010"]
[Site "Dieren NED"]
[Date "2010.07.27"]
[Round "1.22"]
[White "Van Delft, Merijn"]
[Black "Monsma, Menno"]
[Result "1/2-1/2"]
[WhiteElo "2364"]
[BlackElo "2073"]
[PlyCount "75"]
[EventDate "2010.07.27"]
[EventType "swiss"]
[EventRounds "9"]
[EventCountry "NED"]
[Source "lmi"]
[SourceDate "2010.07.27"]

1. e4 e6 2. d4 d5 3. Nc3 Bb4 4. e5 Ne7 5. a3 Bxc3+ 6. bxc3 c5 7. Qg4 O-O 8. Bd3
Nbc6 9. Qh5 Ng6 10. Nf3 Qc7 11. Be3 c4 12. Bxg6 fxg6 13. Qg4 Qf7 14. Ng5 Qf5
15. Qe2 Rd8 16. g4 Qf8 17. h4 h6 18. Nh3 b5 19. h5 gxh5 20. g5 g6 21. gxh6 Bd7
22. Rg1 Kh7 23. Nf4 Ne7 24. Nxh5 gxh5 25. Rg7+ Kh8 26. Bg5 Ng8 27. Bxd8 Rxd8
28. Qxh5 Qf4 29. h7 Nh6 30. Rxd7 Rf8 31. f3 Qe3+ 32. Kd1 Nf5 33. Rf7 Rxf7 34.
Qxf7 Qg1+ 35. Kd2 Qe3+ 36. Kd1 Qg1+ 37. Kd2 Qe3+ 38. Kd1 1/2-1/2

[Event "Dutch Open 2010"]
[Site "Dieren NED"]
[Date "2010.07.27"]
[Round "1.23"]
[White "Van Dongen, Huub"]
[Black "De Jong, Migchiel"]
[Result "0-1"]
[WhiteElo "2073"]
[BlackElo "2358"]
[PlyCount "40"]
[EventDate "2010.07.27"]
[EventType "swiss"]
[EventRounds "9"]
[EventCountry "NED"]
[Source "lmi"]
[SourceDate "2010.07.27"]

1. e4 c5 2. Nf3 e6 3. d4 cxd4 4. Nxd4 a6 5. g3 d5 6. Nb3 dxe4 7. Qxd8+ Kxd8 8.
Nc3 f5 9. Be3 Bd6 10. O-O-O Ke7 11. Bc4 Nf6 12. Nd4 Bd7 13. Bg5 Bc5 14. Nxf5+
exf5 15. Nd5+ Kf8 16. Nc7 Ra7 17. Ne6+ Bxe6 18. Rd8+ Ke7 19. Rxh8 Bxc4 20. Rxb8
Bxf2 0-1